00438pab a2200145 454500008004000000100001500040245008300055260000900138300001400147362000800161650003400169650003400203650001800237773003700255180718b2006 xxu||||| |||| 00| 0 eng d aVogel, Ann aWho's making global civil society: philanthropy and US empire in world society c2006 ap.635-55. aDec aGlobalization - United States aCivil society - United States aCivil society aThe British Journal of Sociology